00299nam a2200109 a 4500003000900000005001700009008004100026040001300067100001900080245006000099260003000159AR-BaBNM20251128203501.0082120s2002 ||||||||||||||000 | spa|| cAR-BaBNM1 aRojas, Ricardo00aHistoria de la literatura argentinablos proscriptosn1 aBuenos AiresbKraftc1960